The state and the rule of law in a mixed economy, (Record no. 4793)

MARC details
000 -LEADER
fixed length control field 00983cam a2200313 4500
001 - CONTROL NUMBER
control field 2184220
003 - CONTROL NUMBER IDENTIFIER
control field OSt
005 - DATE AND TIME OF LATEST TRANSACTION
control field 20120106124750.0
008 - FIXED-LENGTH DATA ELEMENTS--GENERAL INFORMATION
fixed length control field 720320s1971 enk b 001 0 eng
010 ## - LIBRARY OF CONGRESS CONTROL NUMBER
LC control number 70889511
015 ## - NATIONAL BIBLIOGRAPHY NUMBER
National bibliography number B71-19039
020 ## - INTERNATIONAL STANDARD BOOK NUMBER
International Standard Book Number 0420435204
040 ## - CATALOGING SOURCE
Original cataloging agency DDC
Transcribing agency DDC
Modifying agency DDC
050 00 - LIBRARY OF CONGRESS CALL NUMBER
Classification number K3842
Item number .F75 1971
082 00 - DEWEY DECIMAL CLASSIFICATION NUMBER
Classification number 340.115
100 1# - MAIN ENTRY--PERSONAL NAME
Personal name Friedmann, Wolfgang,
Dates associated with a name 1907-1972.
9 (RLIN) 5747
245 14 - TITLE STATEMENT
Title The state and the rule of law in a mixed economy,
Statement of responsibility, etc by W. Friedmann.
260 ## - PUBLICATION, DISTRIBUTION, ETC. (IMPRINT)
Place of publication, distribution, etc London,
Name of publisher, distributor, etc Stevens,
Date of publication, distribution, etc 1971.
300 ## - PHYSICAL DESCRIPTION
Extent vii, 104 p.
Dimensions 23 cm.
350 ## - PRICE (NR) (BK AM CF MU VM SE) [OBSOLETE]
Price £2.00
504 ## - BIBLIOGRAPHY, ETC. NOTE
Bibliography, etc Includes bibliographical references.
650 #0 - SUBJECT ADDED ENTRY--TOPICAL TERM
Topical term or geographic name as entry element Trade regulation.
9 (RLIN) 5748
650 #0 - SUBJECT ADDED ENTRY--TOPICAL TERM
Topical term or geographic name as entry element Rule of law.
9 (RLIN) 5749
650 #0 - SUBJECT ADDED ENTRY--TOPICAL TERM
Topical term or geographic name as entry element Mixed economy.
9 (RLIN) 5750
906 ## - LOCAL DATA ELEMENT F, LDF (RLIN)
a 7
b cbc
c orignew
d 3
e ncip
f 19
g y-gencatlg
942 ## - ADDED ENTRY ELEMENTS (KOHA)
Source of classification or shelving scheme Dewey Decimal Classification
Koha item type Books
Holdings
Withdrawn status Lost status Source of classification or shelving scheme Damaged status Not for loan Home library Current library Shelving location Date acquired Total Checkouts Full call number Barcode Date last seen Price effective from Koha item type
    Dewey Decimal Classification     Law Development Centre Main Library Law Development Centre Main Library Text Books and Laws 01/06/2012   340.115 3298/2012 01/06/2012 01/06/2012 Books